[Event "New Zealand Junior Chp"]
[Site "Waitakere"]
[Date "2012.07.05"]
[Round "5.9"]
[White "Qin, Nicole Shu Yu"]
[Black "Zhan, Judd"]
[Result "0-1"]
[WhiteElo "1013"]
[BlackElo "1542"]
[PlyCount "120"]
[EventDate "2012.07.06"]
[EventType "swiss"]
[EventRounds "7"]
[EventCountry "NZL"]
[SourceDate "2012.09.09"]

1. e4 g6 2. d4 Bg7 3. Nc3 c5 4. dxc5 Bxc3+ 5. bxc3 Qa5 6. Qd4 Nf6 7. Bd3 Nc6 8.
Qc4 d6 9. cxd6 Be6 10. Qb5 Qxc3+ 11. Ke2 O-O 12. Bb2 Nd4+ 13. Kd1 Nxb5 14. Bxc3
Nxc3+ 15. Kd2 Ncxe4+ 16. Bxe4 Nxe4+ 17. Ke3 Nxd6 18. Nf3 Rac8 19. Nd4 Nf5+ 20.
Nxf5 Bxf5 21. Rab1 Rc7 22. Rb2 Rxc2 23. Rxc2 Bxc2 24. Rc1 Rc8 25. Kd2 Bf5 26.
Re1 e6 27. Re3 Rc2+ 28. Ke1 Rxa2 29. Rc3 a5 30. Rc8+ Kg7 31. Rb8 a4 32. Rxb7 a3
33. Ra7 Ra1+ 34. Kd2 e5 35. f3 Be6 36. Kc3 a2 37. Kb2 Rb1+ 38. Kc2 a1=Q 39.
Rxa1 Rxa1 40. g4 Ra2+ 41. Kd3 Rxh2 42. Ke4 f5+ 43. gxf5 gxf5+ 44. Ke3 e4 45.
fxe4 fxe4 46. Kxe4 Rh5 47. Kf4 Kf6 48. Ke4 Rh4+ 49. Kf3 Kf5 50. Ke3 Bc4 51. Kf3
Re4 52. Kf2 Kf4 53. Kg2 Re3 54. Kh2 Rg3 55. Kh1 Rg7 56. Kh2 Rg6 57. Kh1 Kf3 58.
Kh2 Be6 59. Kh1 Kf2 60. Kh2 Rh6# 0-1

[Event "New Zealand Junior Chp"]
[Site "Waitakere"]
[Date "2012.07.05"]
[Round "5.10"]
[White "Qin, Joy Shu Yan"]
[Black "Wang, Luke Jintao"]
[Result "0-1"]
[WhiteElo "1485"]
[BlackElo "1283"]
[PlyCount "70"]
[EventDate "2012.07.06"]
[EventType "swiss"]
[EventRounds "7"]
[EventCountry "NZL"]
[SourceDate "2012.09.09"]

1. e4 e5 2. Nf3 Nc6 3. Bb5 a6 4. Ba4 Nf6 5. O-O b5 6. Bb3 Be7 7. Re1 O-O 8. c3
d5 9. exd5 Nxd5 10. Nxe5 Nxe5 11. Rxe5 Nf6 12. h3 Bd6 13. Re1 Ng4 14. Qe2 Qh4
15. Bd5 Bh2+ 16. Kh1 Nxf2+ 17. Kxh2 Nxh3 18. gxh3 Bxh3 19. Qe5 Be6+ 20. Kg1
Bxd5 21. Re3 Qh1+ 22. Kf2 Qg2+ 23. Ke1 Qg1+ 24. Ke2 Bc4+ 25. d3 Bxd3+ 26. Kxd3
Qxc1 27. Re4 Rad8+ 28. Ke2 Qxb2+ 29. Ke3 Qxa1 30. Rg4 Rfe8 31. Rxg7+ Kf8 32.
Rxh7 Rxe5+ 33. Kf4 Qxb1 34. Rh8+ Ke7 35. Rxd8 Re4+ 0-1

[Event "New Zealand Junior Chp"]
[Site "Waitakere"]
[Date "2012.07.05"]
[Round "5.11"]
[White "Jiang, Richard"]
[Black "Zhu, Crystal"]
[Result "1-0"]
[WhiteElo "1452"]
[BlackElo "1223"]
[PlyCount "123"]
[EventDate "2012.07.06"]
[EventType "swiss"]
[EventRounds "7"]
[EventCountry "NZL"]
[SourceDate "2012.09.09"]

1. e4 e6 2. d3 d5 3. exd5 exd5 4. Bf4 Be6 5. Nf3 Nf6 6. g3 c6 7. Bg2 Bd6 8.
Bxd6 Qxd6 9. O-O O-O 10. c3 Nbd7 11. d4 Qc7 12. Nbd2 h6 13. Qc2 Rfe8 14. Rac1
a5 15. c4 dxc4 16. Nxc4 Rad8 17. Qc3 a4 18. Qb4 b5 19. Nd6 Rf8 20. Ne5 Nd5 21.
Bxd5 Bxd5 22. Nxc6 Bxc6 23. d5 Ne5 24. Nxb5 Qb7 25. dxc6 Nxc6 26. Qxa4 Ne5 27.
Rc7 Qd5 28. Nc3 Nf3+ 29. Kh1 Qh5 30. h4 Rd4 31. Rc4 Rxc4 32. Qxc4 Nd2 33. Qd3
Nxf1 34. Qxf1 Qf3+ 35. Qg2 Qxg2+ 36. Kxg2 Rb8 37. b3 Rc8 38. Nd5 Kf8 39. Kf3
Ke8 40. Ke3 Rc5 41. Nb4 Re5+ 42. Kd3 Kd7 43. f4 Re1 44. g4 Kd6 45. a4 Kc5 46.
Nc2 Rg1 47. b4+ Kd6 48. Ne3 g6 49. h5 Rb1 50. Kc4 Rc1+ 51. Kd4 Ke6 52. f5+ gxf5
53. Nxf5 Rd1+ 54. Kc3 Rf1 55. a5 Kf6 56. Nxh6 Re1 57. a6 Re6 58. b5 Ke7 59. a7
Rxh6 60. a8=Q Rd6 61. Qe4+ Kd7 62. Kc4 1-0

[Event "New Zealand Junior Chp"]
[Site "Waitakere"]
[Date "2012.07.05"]
[Round "5.12"]
[White "Zhang, Jasmine"]
[Black "Fan, Allen"]
[Result "0-1"]
[WhiteElo "1010"]
[BlackElo "1429"]
[PlyCount "134"]
[EventDate "2012.07.06"]
[EventType "swiss"]
[EventRounds "7"]
[EventCountry "NZL"]
[SourceDate "2012.09.09"]

1. e4 Nf6 2. e5 Nd5 3. Bc4 Nb6 4. Bb3 Nc6 5. d4 d6 6. exd6 cxd6 7. c4 Bf5 8. h3
e6 9. Nf3 Be7 10. Bf4 O-O 11. Nc3 Nb4 12. O-O Nd3 13. Qd2 Rc8 14. Ne1 Nxf4 15.
Qxf4 Bg5 16. Qf3 Nxc4 17. Qe2 Nd2 18. Nf3 Nxf1 19. Rxf1 Bh6 20. Bc2 Bxc2 21.
Qxc2 b5 22. Qb3 a6 23. Rd1 Rc4 24. d5 e5 25. a3 Qe7 26. Re1 f5 27. Qd1 Qf6 28.
Re2 Rfc8 29. Rc2 a5 30. Ne1 b4 31. axb4 axb4 32. Ne2 Rxc2 33. Nxc2 e4 34. Ned4
b3 35. Nxb3 Qxb2 36. Ncd4 g6 37. g3 Rc3 38. Kg2 e3 39. Qe1 Rxb3 40. Nxb3 Qxb3
41. fxe3 Qxd5+ 42. Kh2 Qa2+ 43. Kg1 Qa7 44. Qb1 Qxe3+ 45. Kg2 Qd2+ 46. Kf3 Qe3+
47. Kg2 Qe2+ 48. Kg1 Qe3+ 49. Kg2 Qe4+ 50. Qxe4 fxe4 51. Kf2 d5 52. Ke2 d4 53.
Kf2 d3 54. Ke1 e3 55. Kd1 Kf7 56. h4 Kf6 57. g4 Bf4 58. g5+ Bxg5 59. hxg5+ Kxg5
60. Ke1 h5 61. Kf1 d2 62. Ke2 h4 63. Kd1 h3 64. Ke2 h2 65. Kxe3 d1=Q 66. Ke4
h1=Q+ 67. Ke5 Qhe1# 0-1

[Event "New Zealand Junior Chp"]
[Site "Waitakere"]
[Date "2012.07.05"]
[Round "5.13"]
[White "Geng, Karen Jingyi"]
[Black "Huang, Nicholas"]
[Result "0-1"]
[WhiteElo "1425"]
[BlackElo "1042"]
[PlyCount "122"]
[EventDate "2012.07.06"]
[EventType "swiss"]
[EventRounds "7"]
[EventCountry "NZL"]
[SourceDate "2012.09.09"]

1. d4 d5 2. Bf4 Nf6 3. Nf3 Nc6 4. e3 Bg4 5. Nbd2 e6 6. Bd3 Be7 7. c3 O-O 8. Qc2
Bh5 9. Ne5 Bg6 10. Nxg6 hxg6 11. O-O-O Ng4 12. Rdf1 Bg5 13. h3 Nh6 14. g3 Bxf4
15. gxf4 Qf6 16. h4 Nf5 17. h5 Nce7 18. hxg6 Nxg6 19. Nf3 Nh6 20. Ne5 Nxe5 21.
fxe5 Qe7 22. Rfg1 Kh8 23. Bh7 f6 24. exf6 Rxf6 25. Rg6 Raf8 26. f4 Rxg6 27.
Bxg6 Rf6 28. Qg2 Qd7 29. Rg1 b6 30. Be8 Qe7 31. Bg6 c5 32. dxc5 Qxc5 33. Qd2
Rxf4 34. Rh1 Rf6 35. Bc2 Rf3 36. Re1 Ng4 37. Qd3 Rf5 38. Qe2 Rg5 39. Qf3 Nf6
40. Rh1+ Kg8 41. Qh3 Kf7 42. Rf1 Ke7 43. Re1 Qd6 44. Qh4 Qg3 45. Qb4+ Kf7 46.
c4 dxc4 47. e4 a5 48. Qd2 Qg2 49. Qd8 Qg3 50. Rd1 Qf4+ 51. Kb1 Rb5 52. a3 Qe5
53. Rd4 c3 54. b3 Qc5 55. Ra4 Qg1+ 56. Bd1 Rxb3+ 57. Kc2 Rb2+ 58. Kxc3 Qf2 59.
e5 Nd5+ 60. Kc4 Qc5+ 61. Kd3 Qc3+ 0-1

[Event "New Zealand Junior Chp"]
[Site "Waitakere"]
[Date "2012.07.05"]
[Round "5.15"]
[White "Dong, Olivia"]
[Black "Jin, Sophia"]
[Result "1-0"]
[WhiteElo "1250"]
[BlackElo "977"]
[PlyCount "85"]
[EventDate "2012.07.06"]
[EventType "swiss"]
[EventRounds "7"]
[EventCountry "NZL"]
[SourceDate "2012.09.09"]

1. d4 d5 2. Bf4 Nc6 3. Nf3 Bf5 4. e3 a6 5. c3 Nf6 6. Nbd2 e6 7. Rc1 b5 8. a4
Rb8 9. Be2 Bd6 10. Ne5 Bxe5 11. dxe5 Ne4 12. axb5 axb5 13. Nf3 O-O 14. Nd4 Na7
15. b4 c6 16. Nxf5 exf5 17. h4 Re8 18. f3 f6 19. fxe4 fxe5 20. Bg3 dxe4 21.
Qxd8 Rbxd8 22. O-O g6 23. h5 Nc8 24. Rcd1 Nd6 25. Bh2 Nf7 26. Rxd8 Rxd8 27. Rd1
Re8 28. Rd7 Kf8 29. Rc7 Re6 30. g4 Nh6 31. gxf5 Nxf5 32. Rxh7 Nxe3 33. Rh6 Kg7
34. Rxg6+ Rxg6+ 35. hxg6 Kxg6 36. Bxe5 Kf5 37. Bd4 Nd5 38. Bh5 Nf4 39. Be8 Ne2+
40. Kf2 Nxd4 41. cxd4 Kf4 42. Bxc6 Kf5 43. Ke3 1-0

[Event "New Zealand Junior Chp"]
[Site "Waitakere"]
[Date "2012.07.05"]
[Round "5.16"]
[White "Wei, Louie"]
[Black "Yan, Sarah"]
[Result "1-0"]
[WhiteElo "583"]
[BlackElo "1075"]
[PlyCount "101"]
[EventDate "2012.07.06"]
[EventType "swiss"]
[EventRounds "7"]
[EventCountry "NZL"]
[SourceDate "2012.09.09"]

1. e4 e5 2. Nf3 Nc6 3. Bc4 Bc5 4. d3 h6 5. O-O Nf6 6. Nc3 O-O 7. Nd5 Nxd5 8.
Bxd5 d6 9. h3 Qf6 10. Bxc6 bxc6 11. b3 Qg6 12. Nh4 Qg3 13. Nf5 Bxf5 14. exf5
Qh4 15. Qg4 Qxg4 16. hxg4 d5 17. Re1 Bd4 18. Rb1 Rab8 19. Be3 Bxe3 20. Rxe3
Rfe8 21. Rbe1 f6 22. f3 Rb5 23. d4 e4 24. fxe4 dxe4 25. Rxe4 Rxe4 26. Rxe4 Kf7
27. Kf2 Rb8 28. Kf3 Re8 29. Rxe8 Kxe8 30. Ke4 Ke7 31. c4 Kd6 32. c5+ Kd7 33. a4
Kc8 34. d5 Kd7 35. b4 cxd5+ 36. Kxd5 c6+ 37. Kd4 Ke7 38. b5 Kd7 39. b6 axb6 40.
cxb6 Kc8 41. Kc5 Kb7 42. a5 Kc8 43. Kxc6 Kb8 44. a6 Ka8 45. b7+ Kb8 46. a7+
Kxa7 47. Kc7 Ka6 48. b8=Q Ka5 49. Qb3 h5 50. Kc6 Ka6 51. Qb6# 1-0

[Event "New Zealand Junior Chp"]
[Site "Waitakere"]
[Date "2012.07.05"]
[Round "5.18"]
[White "Yan, Caroline"]
[Black "Wang, Tony"]
[Result "1-0"]
[WhiteElo "1056"]
[BlackElo "974"]
[PlyCount "77"]
[EventDate "2012.07.06"]
[EventType "swiss"]
[EventRounds "7"]
[EventCountry "NZL"]
[SourceDate "2012.09.09"]

1. e4 e5 2. Nf3 Nc6 3. d4 exd4 4. Bc4 Nf6 5. Bg5 Bb4+ 6. c3 dxc3 7. Nxc3 Bxc3+
8. bxc3 h6 9. Bh4 g5 10. Bg3 Qe7 11. O-O g4 12. Nd2 b6 13. e5 Nh7 14. f3 gxf3
15. Qxf3 Ng5 16. Qf4 Rh7 17. Bh4 Ne6 18. Bxe6 dxe6 19. Qe4 Qc5+ 20. Bf2 Qxc3
21. Qxh7 Qxd2 22. Qh8+ Ke7 23. Qf6+ Ke8 24. Rad1 Qxa2 25. Be3 Qd5 26. Qxf7+ Kd8
27. Rxd5+ exd5 28. Qf8+ Kd7 29. Rf7+ Ne7 30. Qxe7+ Kc6 31. Qxc7+ Kb5 32. Rf8
Bb7 33. Rxa8 Bxa8 34. Qd7+ Ka6 35. e6 d4 36. Bxd4 h5 37. e7 b5 38. e8=Q Bxg2
39. Qxb5# 1-0

[Event "New Zealand Junior Chp"]
[Site "Waitakere"]
[Date "2012.07.05"]
[Round "5.19"]
[White "Zhu, Martin"]
[Black "Hill, Raymon"]
[Result "0-1"]
[WhiteElo "1220"]
[BlackElo "725"]
[PlyCount "112"]
[EventDate "2012.07.06"]
[EventType "swiss"]
[EventRounds "7"]
[EventCountry "NZL"]
[SourceDate "2012.09.09"]

1. e4 e5 2. Nf3 Nc6 3. d4 Bd6 4. Bc4 Nf6 5. d5 Ne7 6. Nc3 a6 7. a4 O-O 8. Bg5
Ng6 9. Bxf6 Qxf6 10. O-O Nf4 11. Ne2 Be7 12. Nxf4 Qxf4 13. Bd3 d6 14. Ne1 Bd7
15. Qf3 Qh6 16. c4 c6 17. Nc2 c5 18. b4 b6 19. bxc5 bxc5 20. a5 Rab8 21. Rfb1
Qd2 22. Qe3 Rxb1+ 23. Rxb1 Qxa5 24. Ra1 Qb6 25. Qc1 Rb8 26. Ne3 Bg5 27. Qd2
Bxe3 28. Qxe3 a5 29. Qc1 h6 30. Qa3 a4 31. f3 Ra8 32. Bc2 Qa6 33. Bd3 Qa5 34.
Rb1 Ra7 35. Kf2 Qd2+ 36. Be2 Qd4+ 37. Kf1 Qd2 38. Kf2 g5 39. Rb8+ Kg7 40. Rb1
h5 41. h3 h4 42. Rb8 Qf4 43. Rb1 Qg3+ 44. Kf1 Qh2 45. Kf2 Bxh3 46. Bf1 Qg3+ 47.
Kg1 Bxg2 48. Bxg2 h3 49. Rb2 hxg2 50. Rxg2 Qe1+ 51. Kh2 Rb7 52. Rxg5+ Kf6 53.
Rg1 Qf2+ 54. Kh1 Rb8 55. Rg2 Rh8+ 56. Rh2 Qf1# 0-1

[Event "New Zealand Junior Chp"]
[Site "Waitakere"]
[Date "2012.07.05"]
[Round "5.20"]
[White "Wen, Victor"]
[Black "Feng, Dahlia"]
[Result "0-1"]
[WhiteElo "418"]
[BlackElo "1022"]
[PlyCount "116"]
[EventDate "2012.07.06"]
[EventType "swiss"]
[EventRounds "7"]
[EventCountry "NZL"]
[SourceDate "2012.09.09"]

1. e4 e6 2. d4 d5 3. exd5 exd5 4. Be3 Nf6 5. Nc3 c5 6. Bb5+ Bd7 7. Bxd7+ Qxd7
8. Nf3 Nc6 9. Ne2 g6 10. c3 Bg7 11. O-O O-O 12. dxc5 b6 13. b4 Rfe8 14. Ned4
bxc5 15. Nxc6 Qxc6 16. Bxc5 Ne4 17. Bd4 Nxc3 18. Bxc3 Qxc3 19. Rb1 Rad8 20. h3
Qa3 21. Re1 Qxa2 22. Rxe8+ Rxe8 23. b5 Rd8 24. b6 axb6 25. Rxb6 Qc4 26. Kh2 d4
27. Nd2 Qc7+ 28. Kh1 Qxb6 29. Nc4 Qb4 30. Qf1 d3 31. Ne3 d2 32. Nd1 Qb1 33. Qe2
Bh6 34. g3 Rc8 35. f4 Rc1 36. Qxd2 Rxd1+ 37. Qxd1 Qxd1+ 38. Kg2 Qe2+ 39. Kg1 f5
40. h4 Qg4 41. Kf2 Bg7 42. Kg2 h6 43. Kf2 g5 44. hxg5 hxg5 45. fxg5 Qxg5 46.
Kf3 Qg4+ 47. Ke3 Bh6+ 48. Kd3 Qxg3+ 49. Kd4 f4 50. Kd5 f3 51. Ke4 Qf4+ 52. Kd5
f2 53. Kc5 f1=Q 54. Kd5 Qe2 55. Kc5 Qfd2 56. Kc6 Qc4+ 57. Kb6 Qdb4+ 58. Ka7
Qa2# 0-1

[Event "New Zealand Junior Chp"]
[Site "Waitakere"]
[Date "2012.07.05"]
[Round "5.21"]
[White "Hill, Anthony"]
[Black "Fu, Alex"]
[Result "0-1"]
[WhiteElo "717"]
[BlackElo "737"]
[PlyCount "35"]
[EventDate "2012.07.06"]
[EventType "swiss"]
[EventRounds "7"]
[EventCountry "NZL"]
[SourceDate "2012.09.09"]

1. d4 e6 2. Nf3 d5 3. Nc3 c5 4. dxc5 Bxc5 5. e4 Nf6 6. exd5 Nxd5 7. Nxd5 exd5
8. Qe2+ Be6 9. Qb5+ Qd7 10. Qxc5 Qc6 11. Qe3 O-O 12. Ne5 Qe8 13. Qb3 d4 14.
Qxb7 Nd7 15. Nxd7 Bd5+ 16. Kd1 Bxb7 17. Nxf8 Qxf8 18. Bc4 {and the rest
doesn't make sense as moves must have been omitted, but Black won in another 8
or 9 moves,} 0-1

[Event "New Zealand Junior Chp"]
[Site "Waitakere"]
[Date "2012.07.05"]
[Round "6.1"]
[White "Li, Zuhao Luke"]
[Black "Zhu, Karl Kai"]
[Result "1-0"]
[WhiteElo "2333"]
[BlackElo "1660"]
[PlyCount "85"]
[EventDate "2012.07.06"]
[EventType "swiss"]
[EventRounds "7"]
[EventCountry "NZL"]
[SourceDate "2012.09.09"]

1. d4 Nf6 2. c4 e6 3. Nc3 d5 4. cxd5 exd5 5. Bg5 Be7 6. e3 O-O 7. Bd3 c6 8. Qc2
Nbd7 9. Nf3 h6 10. Bh4 b6 11. O-O Bb7 12. Rab1 Re8 13. Bg3 Bb4 14. Rfc1 Bxc3
15. Qxc3 Ne4 16. Qc2 Ndf6 17. b4 Rc8 18. Qa4 Nxg3 19. hxg3 Qc7 20. Rc2 Ne4 21.
Rbc1 Re6 22. Ne5 f6 23. Ng6 Rd6 24. Nf4 f5 25. b5 c5 26. Bxe4 dxe4 27. dxc5
bxc5 28. Qxa7 Ra8 29. Qxc5 Qxc5 30. Rxc5 g5 31. Nh5 Rxa2 32. Rc7 Rb6 33. Rg7+
Kf8 34. Rcc7 Ra1+ 35. Kh2 Ra7 36. Rcf7+ Ke8 37. Nf6+ Rxf6 38. Rxf6 f4 39. Rxh6
Kf8 40. Rhh7 fxg3+ 41. Kxg3 g4 42. Rxb7 Rxb7 43. Rxb7 1-0

[Event "New Zealand Junior Chp"]
[Site "Waitakere"]
[Date "2012.07.05"]
[Round "6.2"]
[White "Kolev, Hristo"]
[Black "Gao, Hans"]
[Result "0-1"]
[WhiteElo "1733"]
[BlackElo "2189"]
[PlyCount "80"]
[EventDate "2012.07.06"]
[EventType "swiss"]
[EventRounds "7"]
[EventCountry "NZL"]
[SourceDate "2012.09.09"]

1. d4 Nf6 2. c4 d6 3. Nc3 g6 4. e4 Bg7 5. f4 O-O 6. Nf3 Na6 7. Bd3 e5 8. fxe5
dxe5 9. d5 c6 10. O-O cxd5 11. cxd5 Nc5 12. Bc2 Bg4 13. h3 Bxf3 14. Qxf3 Ne8
15. Be3 Rc8 16. Na4 Nd7 17. Bb3 Nd6 18. Nc3 f5 19. g4 fxe4 20. Qg2 Qh4 21. Bf2
Rxf2 22. Rxf2 Nc5 23. Bc2 Bh6 24. Kh1 Nc4 25. Nxe4 Nxe4 26. Bxe4 Ne3 27. Qg1
Bf4 28. Rxf4 Qxh3+ 29. Qh2 Qxh2+ 30. Kxh2 exf4 31. Kh3 Rc4 32. Bf3 Kf7 33. g5
b6 34. Bg4 Nxd5 35. Re1 Ne3 36. Re2 Rc1 37. Bf3 Rg1 38. Bg2 Rxg2 39. Rxg2 Nxg2
40. Kxg2 Ke6 0-1

[Event "New Zealand Junior Chp"]
[Site "Waitakere"]
[Date "2012.07.05"]
[Round "6.3"]
[White "Zhang, Leo"]
[Black "Tsoi, Nicole"]
[Result "1/2-1/2"]
[WhiteElo "1771"]
[BlackElo "1934"]
[PlyCount "81"]
[EventDate "2012.07.06"]
[EventType "swiss"]
[EventRounds "7"]
[EventCountry "NZL"]
[SourceDate "2012.09.09"]

1. e4 e6 2. d3 d5 3. Nd2 c5 4. Ngf3 Nc6 5. g3 g6 6. Bg2 Bg7 7. O-O Nge7 8. Re1
O-O 9. exd5 exd5 10. Nf1 Nf5 11. Ne3 Be6 12. Nxf5 Bxf5 13. Rb1 Qd7 14. Bf4 Rfe8
15. Rxe8+ Rxe8 16. Qd2 Bh3 17. b3 b5 18. Re1 Rxe1+ 19. Qxe1 Bxg2 20. Kxg2 Nb4
21. Qb1 Qe6 22. a3 Nc6 23. Qd1 h6 24. h4 Kh7 25. Bc1 a6 26. Bd2 c4 27. dxc4
dxc4 28. Be3 cxb3 29. cxb3 Qe4 30. Kf1 Ne5 31. Nxe5 Qxe5 32. Qc1 Qb2 33. Qxb2
Bxb2 34. a4 bxa4 35. bxa4 Bc3 36. Ke2 h5 37. Kd3 Be1 38. Ke4 Kg7 39. Kf4 Bc3
40. Ke4 Kf8 41. Kd5 1/2-1/2

[Event "New Zealand Junior Chp"]
[Site "Waitakere"]
[Date "2012.07.05"]
[Round "6.4"]
[White "Zhang, William Jiewen"]
[Black "Zhu, Leo Lei"]
[Result "1/2-1/2"]
[WhiteElo "1864"]
[BlackElo "1652"]
[PlyCount "50"]
[EventDate "2012.07.06"]
[EventType "swiss"]
[EventRounds "7"]
[EventCountry "NZL"]
[SourceDate "2012.09.09"]

1. d4 Nf6 2. c4 g6 3. Nc3 Bg7 4. Nf3 O-O 5. e4 d6 6. Be2 e5 7. O-O Nbd7 8. Be3
Re8 9. d5 a5 10. h3 Nh5 11. Qd2 Qe7 12. Bd3 Nf4 13. Bc2 g5 14. Ne1 Nf8 15. f3
N8g6 16. Kh2 h5 17. g4 hxg4 18. fxg4 f6 19. Ba4 Bd7 20. Bxd7 Qxd7 21. Rf3 Kf7
22. Rg3 Rh8 23. Nf3 Rh6 24. Rf1 Rah8 25. Ng1 Rh4 1/2-1/2

[Event "New Zealand Junior Chp"]
[Site "Waitakere"]
[Date "2012.07.05"]
[Round "6.5"]
[White "Jia, Hao"]
[Black "James, Jack"]
[Result "0-1"]
[WhiteElo "1762"]
[BlackElo "1764"]
[PlyCount "136"]
[EventDate "2012.07.06"]
[EventType "swiss"]
[EventRounds "7"]
[EventCountry "NZL"]
[SourceDate "2012.09.09"]

1. e4 d6 2. Nc3 g6 3. b3 Bg7 4. Bb2 Nf6 5. d3 O-O 6. Qd2 c6 7. O-O-O b5 8. f4
a5 9. g3 a4 10. Kb1 Qa5 11. Nce2 axb3 12. axb3 Qa2+ 13. Kc1 Qxb2+ 14. Kxb2
Nxe4+ 15. c3 Nxd2 16. Rxd2 b4 17. Rc2 Be6 18. Nf3 c5 19. Bg2 Ra3 20. Nd2 Nd7
21. Ra1 Rxa1 22. Kxa1 bxc3 23. Nxc3 Rb8 24. Ka2 Rb6 25. Na4 Ra6 26. Nc4 d5 27.
Ncb2 Nb6 28. Rxc5 Bxb2 29. Kxb2 Rxa4 30. Rc8+ Bxc8 31. bxa4 Nxa4+ 32. Ka3 Nc5
33. Bxd5 Nxd3 34. Kb3 Be6 35. Bxe6 fxe6 36. Kc3 Nc5 37. Kd4 Nd7 38. g4 Kf7 39.
g5 e5+ 40. fxe5 Ke6 41. Ke4 Nxe5 42. h4 Nc6 43. Kf4 Kd5 44. Kg4 Ne5+ 45. Kh3
Nf3 46. Kg3 Nxh4 47. Kxh4 Ke4 48. Kg4 e5 49. Kg3 Kf5 50. Kh4 e4 51. Kg3 Kxg5
52. Kf2 Kf4 53. Ke2 h5 54. Kf2 h4 55. Ke2 e3 56. Kf1 Kf3 57. Ke1 e2 58. Kd2 Kf2
59. Kc3 e1=Q+ 60. Kd4 Qe6 61. Kc5 Qd7 62. Kc4 Qd6 63. Kb5 Qc7 64. Kb4 Qc6 65.
Ka5 Qb7 66. Ka4 Ke3 67. Ka5 Kd4 68. Ka4 Kc4 0-1

[Event "New Zealand Junior Chp"]
[Site "Waitakere"]
[Date "2012.07.05"]
[Round "6.6"]
[White "Rains, Edward"]
[Black "Ang, Alphaeus Wei Ern"]
[Result "1/2-1/2"]
[WhiteElo "1895"]
[BlackElo "1814"]
[PlyCount "120"]
[EventDate "2012.07.06"]
[EventType "swiss"]
[EventRounds "7"]
[EventCountry "NZL"]
[SourceDate "2012.09.09"]

1. e4 Nc6 2. Nf3 d5 3. exd5 Qxd5 4. Nc3 Qd6 5. h3 Bf5 6. Bb5 a6 7. Bxc6+ Qxc6
8. O-O Nf6 9. Nd4 Qd7 10. Nxf5 Qxf5 11. d4 O-O-O 12. Ne2 e5 13. c3 exd4 14.
Nxd4 Qg6 15. Qf3 c5 16. Nf5 Bd6 17. Be3 Nd7 18. Qd5 Kc7 19. Nxd6 Qxd6 20. Qxf7
Kc8 21. b4 Ne5 22. Qf5+ Nd7 23. Bxc5 Qc6 24. Rfd1 g6 25. Qg4 h5 26. Qg5 Nxc5
27. Qxc5 Qxc5 28. bxc5 Kc7 29. Rd4 Kc6 30. Rad1 Rxd4 31. cxd4 Rd8 32. Kf1 Kd5
33. Ke2 Re8+ 34. Kf3 Re4 35. Rb1 Rxd4 36. Rxb7 Kxc5 37. Rb2 Ra4 38. g4 hxg4+
39. hxg4 g5 40. Kg3 Ra3+ 41. f3 Kc4 42. Kf2 a5 43. Ke2 a4 44. Kf2 Rc3 45. Ke2
Ra3 46. Kf2 Rd3 47. Re2 Kc3 48. Kg2 Kb4 49. Kf2 Ka3 50. Rc2 Rd1 51. Ke3 Ra1 52.
f4 gxf4+ 53. Kxf4 Rxa2 54. Rxa2+ Kxa2 55. g5 Kb2 56. g6 a3 57. g7 a2 58. g8=Q
a1=Q 59. Qg7+ Ka2 60. Qxa1+ Kxa1 1/2-1/2

[Event "New Zealand Junior Chp"]
[Site "Waitakere"]
[Date "2012.07.05"]
[Round "6.7"]
[White "Rains, Timothy"]
[Black "Wang, Luke Jintao"]
[Result "1-0"]
[WhiteElo "1770"]
[BlackElo "1283"]
[PlyCount "63"]
[EventDate "2012.07.06"]
[EventType "swiss"]
[EventRounds "7"]
[EventCountry "NZL"]
[SourceDate "2012.09.09"]

1. d4 f5 2. c4 Nf6 3. Nc3 e6 4. Bf4 c6 5. Nf3 d5 6. c5 b6 7. b4 Be7 8. e3 bxc5
9. bxc5 Ba6 10. Bxa6 Nxa6 11. O-O O-O 12. Ne5 Qe8 13. Qa4 Nb8 14. h3 Qc8 15.
Rab1 Nfd7 16. Nxd7 Nxd7 17. Rb2 a5 18. Rfb1 Ra7 19. Ne2 Qa6 20. Nc1 e5 21. Bh2
exd4 22. exd4 Bf6 23. Re2 Kf7 24. Re1 Bd8 25. Nb3 Qd3 26. Qxc6 Nf6 27. Rbd1 Qc2
28. Qe6+ Kg6 29. Qe2 Qc3 30. Rd3 Qb4 31. Rg3+ Kh6 32. Qe3+ 1-0

[Event "New Zealand Junior Chp"]
[Site "Waitakere"]
[Date "2012.07.05"]
[Round "6.9"]
[White "Fan, Allen"]
[Black "Jiang, Richard"]
[Result "1/2-1/2"]
[WhiteElo "1429"]
[BlackElo "1452"]
[PlyCount "55"]
[EventDate "2012.07.06"]
[EventType "swiss"]
[EventRounds "7"]
[EventCountry "NZL"]
[SourceDate "2012.09.09"]

1. Nf3 c5 2. g3 d5 3. Bg2 Bf5 4. O-O e6 5. d3 Bd6 6. Nbd2 Nc6 7. b3 Nf6 8. Bb2
O-O 9. c4 d4 10. Rc1 e5 11. Ne1 Re8 12. Qc2 Qd7 13. a3 Bh3 14. Nef3 h6 15. e3
Bxg2 16. Kxg2 a6 17. e4 Rf8 18. h3 Nh7 19. Nh4 Ne7 20. Ndf3 g5 21. Nf5 Nxf5 22.
exf5 Qxf5 23. Rce1 Rae8 24. Bc1 Qd7 25. h4 f6 26. Rh1 Qc6 27. g4 Qd7 28. Re4
1/2-1/2

[Event "New Zealand Junior Chp"]
[Site "Waitakere"]
[Date "2012.07.05"]
[Round "6.10"]
[White "Huang, Nicholas"]
[Black "White, Luke"]
[Result "1-0"]
[WhiteElo "1042"]
[BlackElo "1454"]
[PlyCount "85"]
[EventDate "2012.07.06"]
[EventType "swiss"]
[EventRounds "7"]
[EventCountry "NZL"]
[SourceDate "2012.09.09"]

1. d4 d5 2. c4 c6 3. Nc3 Nf6 4. Bf4 Bf5 5. cxd5 cxd5 6. Nb5 Qa5+ 7. Nc3 Nc6 8.
a3 e6 9. e3 Be7 10. Be2 O-O 11. Nf3 Rfd8 12. O-O Bd6 13. b4 Qb6 14. Na4 Qc7 15.
Bxd6 Qxd6 16. Nc5 Qe7 17. Bd3 Be4 18. Bxe4 Nxe4 19. Nxe4 dxe4 20. Ng5 e5 21.
Rc1 Qd6 22. b5 Ne7 23. dxe5 Qxd1 24. Rfxd1 h6 25. Rxd8+ Rxd8 26. Nxe4 Rd5 27.
Nd6 Rxe5 28. Nxb7 Rxb5 29. Nd6 Nc6 30. Nxb5 Ne5 31. Rc7 a6 32. Nd4 Kf8 33. Ra7
Nc4 34. Rxa6 Ne5 35. a4 Ke7 36. a5 Kd7 37. f4 Nc4 38. Nb3 Nxe3 39. Ra7+ Kc6 40.
Rxf7 Kb5 41. Rxg7 Nc4 42. f5 Nxa5 43. Nxa5 1-0

[Event "New Zealand Junior Chp"]
[Site "Waitakere"]
[Date "2012.07.05"]
[Round "6.11"]
[White "Lam, Byron"]
[Black "Wei, Louie"]
[Result "1-0"]
[WhiteElo "1783"]
[BlackElo "583"]
[PlyCount "107"]
[EventDate "2012.07.06"]
[EventType "swiss"]
[EventRounds "7"]
[EventCountry "NZL"]
[SourceDate "2012.09.09"]

1. e4 e5 2. Nf3 Nc6 3. Nc3 Nf6 4. Bb5 Bd6 5. O-O a6 6. Bxc6 dxc6 7. Re1 O-O 8.
d3 h6 9. h3 Re8 10. Be3 Bb4 11. a3 Bxc3 12. bxc3 Nh5 13. Rb1 Qf6 14. Bd2 Nf4
15. Bxf4 Qxf4 16. Nh2 Qg5 17. Re3 Re6 18. Rg3 Qf6 19. Ng4 Qe7 20. Qc1 Rd6 21.
Nxh6+ Kf8 22. Nf5 Bxf5 23. exf5 Rf6 24. Qg5 g6 25. Qh6+ Ke8 26. Qh8+ Qf8 27.
Qxf6 Qe7 28. Qxe7+ Kxe7 29. Rxb7 Kd6 30. fxg6 fxg6 31. Rxg6+ Kd7 32. Rg7+ Kd6
33. Rbxc7 Rd8 34. Ra7 Kd5 35. Rad7+ Rxd7 36. Rxd7+ Ke6 37. Ra7 Kd5 38. Rxa6 Kd6
39. h4 Ke7 40. Rxc6 Kf7 41. Kh2 Kg7 42. Kg3 Kh7 43. Kg4 e4 44. Kg5 exd3 45.
Rc7+ Kg8 46. Kg6 Kf8 47. cxd3 Ke8 48. h5 Kd8 49. Rg7 Ke8 50. h6 Kf8 51. h7 Ke8
52. d4 Kf8 53. d5 Ke8 54. h8=N {and White won in another 20 or so moves,} 1-0

[Event "New Zealand Junior Chp"]
[Site "Waitakere"]
[Date "2012.07.05"]
[Round "6.12"]
[White "Yu, Johnson"]
[Black "Dong, Olivia"]
[Result "0-1"]
[WhiteElo "1297"]
[BlackElo "1250"]
[PlyCount "50"]
[EventDate "2012.07.06"]
[EventType "swiss"]
[EventRounds "7"]
[EventCountry "NZL"]
[SourceDate "2012.09.09"]

1. e4 c5 2. Nf3 d6 3. d4 cxd4 4. Nxd4 Nf6 5. Nc3 g6 6. Be3 Bg7 7. f3 O-O 8. Qd2
Nc6 9. O-O-O Nxd4 10. Bxd4 Be6 11. Kb1 a6 12. Be2 Qc7 13. a3 Rab8 14. Bxf6 Bxf6
15. h4 Rfc8 16. Nd5 Bxd5 17. exd5 Qb6 18. b3 Rc3 19. Ka2 Rbc8 20. Rc1 Qa5 21.
g4 b5 22. Bd3 b4 23. a4 Qxa4+ 24. bxa4 Ra3+ 25. Kb1 Ra1# 0-1